Państwa po kawałkach flag #2 - Statystyki

Ogólne statystyki
  • Ten quiz został rozwiązany 4 599 razy
  • Średni wynik to 14 z 16
Statystyki odpowiedzi
Obrazkowy Odpowiedź % Poprawnych
Brazylia
98%
Dania
98%
Korea Południowa
97%
Portugalia
97%
Białoruś
94%
Chiny
94%
Chorwacja
94%
Macedonia Północna
93%
Watykan
92%
Meksyk
89%
Kenia
86%
Pakistan
85%
Australia
82%
Ghana
81%
Malezja
79%
Kambodża
72%
Nie znaleziono quizów pasujących do podanych kryteriów
Rozkład punktacji
Procent ludzi z każdym wynikiem
Percentyl według liczby udzielonych odpowiedzi
Twoja historia wyników
Nie rozwiązałeś tego quizu